000 02376nam a22002417 4500
999 _c1438
_d1438
003 AR-BaISA
005 20250206163116.0
007 ta
008 231003s2012 ag abd|| |||| 000 0 spa d
020 _a9789872570644
040 _bspa
_cAR-BaISA
082 0 4 _222
_a711.4 H447
245 0 0 _aBarrios al sur:
_brenovación y pobreza en la Ciudad de Buenos Aires /
_cHilda Herzer (compiladora)
260 _aBuenos Aires:
_bCafés de las Ciudades,
_c2012
300 _a407 p.:
_bil., fotos, gráfs., mapas
504 _aBibliografía al final de cada capítulo.
504 _aBibliografía p.: 400-401.
505 _tCarla Rodríguez, Soledad Arqueros Mejica, Mariana Schettini, Florencia Rodríguez y Cecilia Zapata / Ciudad, políticas públicas y hábitat popular en la era PRO. Continuidades y cambios en contextos de renovación --
_tFlorencia Rodríguez / Entre la omisión y la expulsión. Un análisis sobre las modalidades de intervención estatal en los Nuevos Asentamientos Urbanos (NAU) --
_tFernando Ostuni / Villa Lugano. Potenciación de una trama y reactivación de conflictos a partir de las acciones estáteles de construcción de vivienda --
_tHilda Herzar, Mercedes Di Virgilio y Marcela Imori / Transformaciones que se consolidan. Los procesos de renovación urbana en los barrios de San Telmo y Barracas --
_tHilda Herzer, Mercedes Di Virgilio, Tomás Guevara, Julia Ramos, Pablo Vitale y Marcela Imori / Unos llegan y otros se van. Cambios y permanencias en el barrio de La Boca --
_tTomás Guevara / Implementación de políticas habitacionales en contextos de renovación urbana. El barrio de La Boca (1983-2009) --
_tLuján Menazzi / Mataderos entre la continuidad y el cambio. Procesos urbanos
_tMariano Perelman / Nuevas y viejas dinámicas socioterritoriales en Villa Soldati. De la quema al cartoneo --
_tCristina Bettain / Memorias urbanas. "Cómo llegamos y cómo vivimos" --
_tMercedes Di Virgilio, Soledad Arqueros Mejica, Laura Gily de Anso y Carolina Perea / Transformaciones en una villa de la ciudad. El barrio INTA --
_tGabriela Merlinsky, Soledad Fernández Bouzo y Melina Tobías / La recuperación ambiental de los márgenes del Riachuelo. Derecho en tensión y poderes en conflicto
650 1 4 _aPlanificación urbana
_93095
650 1 4 _9843
_aAntropología urbana
700 1 _93106
_aHerzer, Hilda
_ecomp.
942 _2ddc
_cLI
_e22